000 02159nam a2200337Ia 4500
005 20200225095952.0
008 130821s1773 fr a gr spa
040 _aCo-BoUCM
_bspa
_cSandra Yazo
_dSandra Yazo
041 0 _afre
_alat
082 0 4 _a616
_220
092 _aE16N035
100 1 _aSwieten, Gerard
_cFreiherr van
_d1700-1772
_999858
245 1 0 _aGerardi van Swieten (...) Commentaria in Hermanni Boerhaave Aphorismos, de cognoscendi et curandis morbis
_bTomus quartus
246 1 3 _a[Comentarios a los "Aforismos sobre el diagnóstico y curación de las enfermedades", de Hermann Boerhaave
_bTomo cuarto]
260 _aParís (Francia)
_bapud Guillelmum Cavalier [Guillermo Cavelier]?
_c[1773?]
300 _a16, 720 páginas
_bilustraciones
500 _aDatos de publicación relacionados a las ediciones disponibles en E16N033 y E16N034
500 _aDetalles físicos: Encuadernación rígida de calidad en cartón duro forrado en piel, con deteriorada por manipulación y humedad. Lomo con nervaduras sobre costuras, adornos y letras en dorado, deteriorado, tapas deterioradas. Conserva guardas (rot
500 _aFecha de publicación relacionada al elegio.
505 0 _aV.4: Elogio del Barón Van Swieten, pronunciado en la Real Academia de Ciencias. ; Comentarios a los "Aforismos sobre el diagnóstico y curación de las enfermedades" (Continuación). ; La tisis pulmonar. ; La hidropesía. ; La podagra. ; Enfermedade
506 _aConsulta en sala.
546 _aTexto en francés, con expresiones en latín.
650 _aEnfermedades
_vDiagnostico
_xObras anteriores a 1800
_97563
650 _aMedicina antigua
_xObras anteriores a 1800
_919130
650 _aMedicina
_97820
650 _aMedicina
_ySiglo XVII
_9225
700 1 _aBoerhaave, Herman
_d1668-1738
_999746
700 1 _aCavelier, Guillermo
_999859
856 4 1 _zDisponible en línea V.4 de 1773
_uhttp://books.google.com.co/books?id=qT1FAAAAcAAJ&pg=PA48&dq=Commentaria+in+Hermanni+Boerhaave+Aphorismos,+de+cognoscendi+et+curandis+morbis&hl=es&sa=X&ei=avknT5PvOKnfiAKMtIXOAQ&ved=0CC0Q6AEwAA#v=onepage&q&f=false
942 _cLIBRO
_a15
_e1
_2LOCAL
_hE16N035
999 _c78678
_d78678